عرض عادي
عرض مارك
- Agent (Philosophy)
مدخل مصطلح موضوعي
001 - رقم الضبط
- حقل الضبط: 41775
003 - معرف رقم الضبط
- حقل الضبط: OSt
005 - تاريخ ووقت أخر عملية
- حقل الضبط: 20140108170323.0
008 - عناصر بيانات ثابتة الطول
- حقل تحكم ثابت الطول: 140108|||a|||||| | ||| d
040 ## - مصدر الفهرسة
- هيئة الفهرسة الأصلية: OSt
- وكالة الكتابة: OSt
150 ## - مدخل-- مصطلح تاريخي
- عنصر مدخل المصطلح الموضوعي او الاسم الجغرافي: Agent (Philosophy)
670 ## - بيانات المصدر موجوده
- الاستشهاد بالمصدر: Work cat.: (OSt)0: Steward, Helen. 41774, A metaphysics for freedom /, 2012.
